| 000 | 01518cam a2200373 i 4500 | ||
|---|---|---|---|
| 001 | 14232682 | ||
| 003 | EG-ScBUE | ||
| 005 | 20240319110108.0 | ||
| 008 | 060117t2006 enka f b 001 0 eng d | ||
| 020 | _a9780192801630 (alk. paper) | ||
| 020 | _a0192801635 (alk. paper) | ||
| 040 |
_aDLC _beng _erda _cDLC _dDLC _dEG-ScBUE |
||
| 043 | _ae------ | ||
| 082 | 0 | 4 |
_a940.21 _bBRO _222 |
| 100 | 1 |
_aBrotton, Jerry, _eauthor. _939763 |
|
| 245 | 1 | 4 |
_aThe renaissance : _ba very short introduction / _cJerry Brotton. |
| 264 | 1 |
_aOxford ; _aNew York : _bOxford University Press, _c[2006] |
|
| 264 | 4 | _cc2006 | |
| 300 |
_a[ix], 148 pages : _billustrations ; _c18 cm. |
||
| 336 |
_2rdacontent _atext _btxt |
||
| 337 |
_aunmediated _2rdamedia _bn |
||
| 338 |
_avolume _bnc _2rdacarrier |
||
| 490 | 0 |
_aVery short introduction ; _v148 |
|
| 500 | _aRev. ed. of : The Renaissance bazaar. 2002. | ||
| 504 | _aIncludes bibliographical references and index. | ||
| 520 | _aExploring the Renaissance as a time of unprecedented intellectual excitement & cultural experimentation & interaction on a global scale, this book guides the reader through the key issues that defined the period, from art, architecture, & literature, to the advances in science, trade & travel. | ||
| 650 | 7 |
_aRenaissance. _2BUEsh _939766 |
|
| 650 | 7 |
_aEast and West. _2BUEsh _937081 |
|
| 651 | 7 |
_aEurope _xHistory _y1492-1648. _2BUEsh |
|
| 653 | _cApril2016 | ||
| 655 | _vReading book | ||
| 700 | 1 |
_aBrotton, Jerry. _tRenaissance bazaar. |
|
| 942 |
_2ddc _cBB |
||
| 999 |
_c21574 _d21546 |
||